Nombra las 10 ciudades más grandes de Ucrania - Estadísticas

Estadísticas generales
  • Esta prueba ha sido intentada 61 veces
  • La puntuación promedio es 5 de 10
Estadísticas de respuestas
Hint Respuesta % Correcto
K Kiev
100%
O Odesa
77%
D Donetsk
72%
J Jarkov
72%
D Dnipró
67%
L Leópolis
60%
M Mariúpol
42%
K Krivói Rog
9%
Z Zaporizhia
9%
N Nikolaev
2%
No se encontraron pruebas coincidentes
Distribución de puntuación
Porcentaje de gente con cada puntuación
Porcentaje por número respondido
Historial de tus puntuaciones
No has intentado esta prueba.